Engineering physics/ (Record no. 6317)

MARC details
000 -LEADER
fixed length control field 00565nac a22001931u 4500
082 ## - DEWEY DECIMAL CLASSIFICATION NUMBER
Classification number 530
Item number NAY
090 ## - LOCALLY ASSIGNED LC-TYPE CALL NUMBER (OCLC); LOCAL CALL NUMBER (OCLC)
-- 6317
-- 6317
100 ## - MAIN ENTRY--PERSONAL NAME
Personal name Nayak, Abhijit
245 ## - TITLE STATEMENT
Title Engineering physics/
Remainder of title Abhijit Nayak
260 ## -
-- New Delhi:
-- S. K. Kataria & Sons, 2004
-- 2004
300 ## - PHYSICAL DESCRIPTION
Extent 662p.:
Other physical details ill.;
Dimensions 22 cm.
336 ## - CONTENT TYPE
Source rdacontent
Content type term text
Content type code txt
337 ## - MEDIA TYPE
Media type term unmediated
Source rdamedia
Media type code n
338 ## - CARRIER TYPE
Carrier type term volume
Carrier type code nc
Source rdacarrier
500 ## - GENERAL NOTE
General note distributer: Al-Ahram
511 ## -
-- catalogued by: wessam
650 ## - SUBJECT ADDED ENTRY--TOPICAL TERM
Topical term or geographic name as entry element Physics.
942 ## - ADDED ENTRY ELEMENTS (KOHA)
Koha item type Book - Borrowing
Call number prefix 530NAY
Classification part RDA-MOD
Holdings
Withdrawn status Lost status Damaged status Not for loan Home library Current library Shelving location Date acquired Source of acquisition Total Checkouts Full call number Barcode Date last seen Price effective from Koha item type
        Central Library Central Library First floor 21/11/2007 Purchase   530NAY 000007177 15/07/2025 21/11/2007 Book - Borrowing
        Central Library Central Library First floor 21/11/2007 Purchase   530NAY 000007368 15/07/2025 21/11/2007 Book - Borrowing